Excavaciones en la Citania de Troña (Record no. 181810)
[ view plain ]
| 000 -LEADER | |
|---|---|
| campo de control de longitud fija | 01034nam a2200229 i 4500 |
| 001 - NÚMERO DE CONTROL | |
| campo de control | 181810 |
| 003 - IDENTIFICADOR DE NÚMERO DE CONTROL | |
| campo de control | ES-MaACL |
| 005 - FECHA Y HORA DE LA ÚLTIMA TRANSACCIÓN | |
| campo de control | 20250822143139.0 |
| 008 - DATOS DE LONGITUD FIJA--INFORMACIÓN GENERAL | |
| campo de control de longitud fija | 130327s1931 sp | |||| ||spa d |
| 080 ## - NÚMERO DE LA CLASIFICACIÓN DECIMAL UNIVERSAL | |
| Número de la Clasificación Decimal Universal | 904(460.15 Ponteareas)Troña |
| 100 1# - ENTRADA PRINCIPAL--NOMBRE DE PERSONA | |
| Nombre de persona | Pericot, Luis, |
| Fechas asociadas al nombre | 1899-1978 |
| 9 (RLIN) | 91262 |
| 245 10 - MENCIÓN DEL TÍTULO | |
| Título | Excavaciones en la Citania de Troña |
| Resto del título | : memoria de las excavaciones realizadas en 1929-1930... / |
| Mención de responsabilidad, etc. | por Luis Pericot García y Florentino López Cuevillas. |
| 260 ## - PUBLICACIÓN, DISTRIBUCIÓN, ETC. | |
| Lugar de publicación, distribución, etc. | Madrid : |
| Nombre del editor, distribuidor, etc. | [s.n.], |
| Fecha de publicación, distribución, etc. | 1931 ( |
| Fabricante | Tipografía de Archivos) |
| 300 ## - DESCRIPCIÓN FÍSICA | |
| Extensión | 40 p., XV h. de lám. ; |
| Dimensiones | 24 cm. |
| 490 1# - MENCIÓN DE SERIE | |
| Mención de serie | Junta Superior de Excavaciones y Antigüedades ; |
| Designación de volumen o secuencia | n. 115 = n. 4, 1930 |
| 651 ## - PUNTO DE ACCESO ADICIONAL DE MATERIA--NOMBRE GEOGRÁFICO | |
| Nombre geográfico | Citania de Troña (Pontevedra, Yacimiento) |
| 9 (RLIN) | 152542 |
| 700 1# - ENTRADA AGREGADA--NOMBRE PERSONAL | |
| Nombre de persona | Cuevillas, Florentino L., |
| Fechas asociadas al nombre | 1886-1958 |
| 9 (RLIN) | 73524 |
| 710 2# - ENTRADA AGREGADA--NOMBRE DE ENTIDAD CORPORATIVA | |
| Nombre de entidad corporativa o nombre de jurisdicción como elemento de entrada | España. |
| Unidad subordinada | Junta Superior de Excavaciones y Antigüedades. |
| 9 (RLIN) | 152463 |
| 830 0# - PUNTO DE ACCESO ADICIONAL DE SERIE-TÍTULO UNIFORME | |
| Título uniforme | Junta Superior de Excavaciones y Antigüedades ; |
| Designación de volumen o secuencia | n. 115 = n. 4, 1930 |
| 9 (RLIN) | 191570 |
| 852 ## - LOCALIZACIÓN | |
| Ubicación | ES-MaACL |
| Número de control de estantería | E-3379(2) |
| Estatus retirado | Estado de pérdida | Estado de daño | No para préstamo | Biblioteca de origen | Biblioteca actual | Ubicación en estantería | Fecha de adquisición | Fuente de adquisición | Total de préstamos | Signatura topográfica completa | Código de barras | Visto por última vez | Precio de reemplazo | Tipo de ítem Koha |
|---|---|---|---|---|---|---|---|---|---|---|---|---|---|---|
| Biblioteca del Ateneo de Madrid | Biblioteca del Ateneo de Madrid | Depósito 2 | 27/03/2013 | E-3379(2) | 1191060 | 23/02/2023 | 23/02/2023 | Libro impreso |
